[Event "Western Province-chT"]
[Site "Cape Town"]
[Date "2018.08.11"]
[Round "3"]
[White "Masama, Bruce"]
[Black "Essop, Hishaam"]
[Result "0-1"]
[WhiteElo "1671"]
[BlackElo "1837"]
[PlyCount "75"]
[EventDate "2018.08.04"]
[EventType "team-tourn"]
[EventRounds "11"]
[EventCountry "RSA"]
[SourceTitle "EXT 2020"]
[Source "ChessBase"]
[SourceDate "2019.10.17"]
[SourceVersion "1"]
[SourceVersionDate "2019.10.17"]
[SourceQuality "1"]
[WhiteTeam "Cape Peninsula Univ"]
[BlackTeam "Cape Town Univ"]
[WhiteTeamCountry "RSA"]
[BlackTeamCountry "RSA"]

1. d4 Nf6 2. Nf3 g6 3. e3 Bg7 4. c4 0-0 5. h3 d6 6. Nc3 Nbd7 7. Be2 e5 8. 0-0 Re8 9. Qc2 c6 10. b3 e4 11. Nd2 Qe7 12. Ba3 h5 13. Rad1 Nf8 14. Rfe1 Bf5 15. Bf1 Qd7 16. Bb2 N8h7 17. b4 Ng5 18. h4 Nf3+ 19. gxf3 exf3 20. e4 Bh3 21. Bxh3 Qxh3 22. Nxf3 Qg4+ 23. Kh2 Qxf3 24. Rd3 Qf4+ 25. Kg2 Qxh4 26. Rh1 Qg4+ 27. Rg3 Qd7 28. f3 Qe7 29. Bc1 a6 30. b5 Qe6 31. Qd3 a5 32. bxc6 bxc6 33. e5 Nd7 34. f4 Rec8 35. Qf3 Qf5 36. Qd3 Qxd3 37. Rxd3 Nb6 38. Ba3 0-1